[Event "Lindores Abbey Tal Blitz 2021"]
[Site "Riga"]
[Date "2021.11.08"]
[Round "18.15"]
[White "Esipenko, Andrey"]
[Black "Zvjaginsev, Vadim"]
[Result "1-0"]
[WhiteElo "2713"]
[BlackElo "2609"]
[Annotator "TA"]
[PlyCount "89"]
[EventDate "2021.11.02"]
[EventType "swiss"]
[EventCountry "LAT"]
[SourceTitle "playchess.com"]
[Source "ChessBase"]
[SourceQuality "1"]

1. e4 c5 2. Nf3 Nc6 3. Bb5 Nf6 4. Bxc6 dxc6 5. d3 h6 6. a4 g5 7. Na3 g4 8. Ne5
Bg7 9. Nac4 Be6 10. Be3 Rc8 11. f4 gxf3 12. Qxf3 b5 13. Nd2 Nd7 14. Nxd7 Qxd7
15. Bxc5 Bxb2 16. Rb1 Bd4 17. Bxd4 Qxd4 18. axb5 cxb5 19. Rxb5 Rxc2 20. Ke2 Rg8
21. Rb8+ Rc8 22. Rhb1 Qd6 23. Rxc8+ Bxc8 24. Kf2 Qxh2 25. Nf1 Qh4+ 26. Kg1 Qg4
27. Qf2 h5 28. Rb8 Kd8 29. Ne3 Qg3 30. Ra8 Qxf2+ 31. Kxf2 h4 32. Rxa7 Rg6 33.
Nd5 e6 34. Nf4 Rf6 35. Ke3 e5 36. Nd5 Rg6 37. Ra8 Kd7 38. Kf2 Rc6 39. Ra7+ Kd6
40. Rxf7 Be6 41. Rf6 Kc5 42. Ne7 Ra6 43. Ke3 Kd6 44. Ng6 Ra2 45. Nxh4 1-0

[Event "Lindores Abbey Tal Blitz 2021"]
[Site "Riga"]
[Date "2021.11.08"]
[Round "18.16"]
[White "Anton Guijarro, David"]
[Black "Howell, David W L"]
[Result "1/2-1/2"]
[WhiteElo "2669"]
[BlackElo "2648"]
[Annotator "TA"]
[PlyCount "323"]
[EventDate "2021.11.02"]
[EventType "swiss"]
[EventCountry "LAT"]
[SourceTitle "playchess.com"]
[Source "ChessBase"]
[SourceQuality "1"]

1. Nf3 d5 2. b3 Bg4 3. Bb2 Bxf3 4. exf3 Nf6 5. f4 g6 6. g3 Bg7 7. Bg2 O-O 8.
O-O e6 9. c4 c6 10. d3 Nbd7 11. Nd2 Ne8 12. Qc2 Bxb2 13. Qxb2 Qf6 14. d4 Nd6
15. Nf3 a5 16. Ne5 Rfd8 17. Rfd1 Qe7 18. Rac1 Nf5 19. Nf3 a4 20. bxa4 Ra7 21.
c5 Rda8 22. Bh3 Ng7 23. Rc3 Qd8 24. a3 Qc8 25. Rb1 Ne8 26. Ne5 Nc7 27. Nxd7
Qxd7 28. Rb3 Rb8 29. Qd2 Qd8 30. Bf1 Qf6 31. a5 Qd8 32. R1b2 Qc8 33. Rb6 Rba8
34. a6 Nxa6 35. Bxa6 Rxa6 36. Rxb7 Rxa3 37. Qe2 Ra2 38. Qe5 Rxb2 39. Rxb2 Qf8
40. Rb6 Rc8 41. h4 Qg7 42. Kg2 Qxe5 43. fxe5 Kg7 44. g4 Rc7 45. Kg3 h6 46. f4
Ra7 47. Rxc6 Ra3+ 48. Kf2 Rd3 49. f5 gxf5 50. gxf5 exf5 51. Rc7 Kg6 52. h5+
Kxh5 53. Rxf7 Rxd4 54. c6 Rc4 55. c7 Kg6 56. e6 d4 57. Ke2 Rc3 58. Kd2 f4 59.
Rxf4 Rxc7 60. Rxd4 Re7 61. Ke2 Rxe6+ 62. Kf3 Re5 63. Kg4 Rg5+ 64. Kh4 Ra5 65.
Rd6+ Kg7 66. Rc6 Ra4+ 67. Kh5 Ra5+ 68. Kh4 Rb5 69. Rd6 Kh7 70. Rc6 Rb4+ 71. Kh5
Rb5+ 72. Kh4 Rb1 73. Kh5 Rh1+ 74. Kg4 Kg7 75. Rb6 Kf7 76. Ra6 Rh2 77. Kg3 Rh1
78. Kg4 Kg7 79. Rb6 Rg1+ 80. Kh5 Rg5+ 81. Kh4 Rf5 82. Ra6 Kh7 83. Rb6 Rf4+ 84.
Kh5 Rf5+ 85. Kh4 Rf7 86. Ra6 Kg7 87. Rb6 Re7 88. Ra6 Rd7 89. Rb6 Rc7 90. Ra6
Rb7 91. Kh5 Rb5+ 92. Kh4 Rb4+ 93. Kh5 Rb5+ 94. Kh4 h5 95. Rc6 Kh7 96. Rd6 Kg8
97. Rc6 Kg7 98. Rd6 Rc5 99. Rb6 Rd5 100. Ra6 Re5 101. Rb6 Rf5 102. Ra6 Rb5 103.
Rc6 Kf7 104. Rh6 Ke7 105. Rxh5 Rb4+ 106. Kg3 Rb3+ 107. Kf2 Rb2+ 108. Ke3 Rb4
109. Kd3 Kf6 110. Rc5 Ke6 111. Rc4 Rb5 112. Ke4 Re5+ 113. Kd4 Rh5 114. Kc3 Kd5
115. Rg4 Rh3+ 116. Kd2 Ke5 117. Ke2 Kf5 118. Ra4 Rb3 119. Kd2 Kg5 120. Kc2 Rf3
121. Kd2 Rf5 122. Kc3 Kf6 123. Rd4 Ke6 124. Kc4 Rh5 125. Re4+ Kd6 126. Rd4+ Kc6
127. Rg4 Ra5 128. Rg6+ Kd7 129. Kd4 Ke7 130. Ke4 Kf7 131. Rd6 Rb5 132. Rd5 Rb6
133. Kf5 Rb7 134. Rd6 Ra7 135. Rh6 Ra5+ 136. Ke4 Kg7 137. Rd6 Ra4+ 138. Rd4 Ra3
139. Rd3 Ra2 140. Ke3 Kf6 141. Rd2 Ra1 142. Kd3 Ke5 143. Re2+ Kd5 144. Kc3 Ra4
145. Rh2 Ra3+ 146. Kb4 Rg3 147. Rh5+ Kd4 148. Rh4+ Kd3 149. Rc4 Rg8 150. Rh4
Rc8 151. Rh3+ Kd4 152. Rh4+ Kd5 153. Rh5+ Kd6 154. Rh6+ Ke5 155. Rh5+ Kf4 156.
Rh4+ Kg5 157. Rc4 Rb8+ 158. Kc3 Rd8 159. Rd4 Rc8+ 160. Rc4 Rd8 161. Rd4 Rxd4
162. Kxd4 1/2-1/2

[Event "Lindores Abbey Tal Blitz 2021"]
[Site "Riga"]
[Date "2021.11.08"]
[Round "18.17"]
[White "Kravtsiv, Martyn"]
[Black "Niemann, Hans Moke"]
[Result "1-0"]
[WhiteElo "2616"]
[BlackElo "2635"]
[Annotator "TA"]
[PlyCount "100"]
[EventDate "2021.11.02"]
[EventType "swiss"]
[EventCountry "LAT"]
[SourceTitle "playchess.com"]
[Source "ChessBase"]
[SourceQuality "1"]

1. e4 g6 2. d4 Bg7 3. Nc3 c6 4. f4 d5 5. e5 h5 6. Nf3 Bg4 7. Bd3 e6 8. h3 Bxf3
9. Qxf3 h4 10. O-O Ne7 11. Ne2 Nd7 12. Be3 Nf5 13. Bf2 Bf8 14. c3 Be7 15. Kh1
Kf8 16. Ng1 c5 17. Qe2 c4 18. Bc2 b5 19. Nf3 a5 20. b3 Qc7 21. bxc4 bxc4 22.
Rfb1 Qc6 23. Qe1 Kg7 24. Bxf5 exf5 25. Bxh4 Bxh4 26. Nxh4 Nf8 27. Nf3 Ne6 28.
Qd2 Rab8 29. Kg1 a4 30. Kf2 a3 31. Ke3 Qa4 32. Qc1 Nc7 33. Ng1 Qa5 34. Ne2 Ne6
35. Rxb8 Rxb8 36. Rb1 Rh8 37. Rb4 g5 38. Kf2 Rh4 39. fxg5 f4 40. g6 Kxg6 41.
Qb1+ Kg7 42. Rb7 Rh5 43. Qb5 Qd8 44. Qd7 Qh4+ 45. Kf1 Ng5 46. Qf5 f3 47. Qf6+
Kh7 48. Rxf7+ Nxf7 49. Qxf7+ Kh6 50. Qxf3 Qg5 1-0

[Event "Lindores Abbey Tal Blitz 2021"]
[Site "Riga"]
[Date "2021.11.08"]
[Round "18.18"]
[White "Grandelius, Nils"]
[Black "Predke, Alexandr"]
[Result "1/2-1/2"]
[WhiteElo "2669"]
[BlackElo "2668"]
[Annotator "RC"]
[PlyCount "177"]
[EventDate "2021.11.02"]
[EventType "swiss"]
[EventCountry "LAT"]
[SourceTitle "playchess.com"]
[Source "ChessBase"]
[SourceQuality "1"]

1. Nf3 d5 2. g3 b6 3. Bg2 Bb7 4. O-O Nd7 5. c4 dxc4 6. Na3 e6 7. Nxc4 Be7 8. d3
Ngf6 9. e4 O-O 10. Qe2 c5 11. Bf4 Nb8 12. Rfd1 Nc6 13. h3 b5 14. Nce5 Nxe5 15.
Bxe5 Nd7 16. Bc3 b4 17. Bd2 Bf6 18. d4 Qb6 19. Be3 Rac8 20. dxc5 Nxc5 21. Nd4
Qa6 22. Qxa6 Bxa6 23. e5 Bxe5 24. Nc6 Rxc6 25. Bxc6 Nd3 26. Rab1 Nxb2 27. Rd7
Rc8 28. Bg2 Bc3 29. Rxa7 Bd3 30. Rc1 Nc4 31. Ra8 Rxa8 32. Bxa8 Nxe3 33. fxe3 f5
34. a3 Bd2 35. Rc8+ Kf7 36. axb4 Bxb4 37. Kf2 Bd6 38. Rd8 Ke7 39. Rh8 h6 40.
Bc6 Bc4 41. Re8+ Kf6 42. h4 h5 43. Rc8 Bb3 44. Ra8 Bc4 45. Ra7 Bc5 46. Rb7 Be7
47. Be8 Bd5 48. Ra7 g6 49. Bxg6 Bc5 50. Ra5 Bxe3+ 51. Kxe3 Kxg6 52. Kf4 Kf6 53.
Ra6 Bc4 54. Rb6 Be2 55. Rb8 e5+ 56. Ke3 Bg4 57. Rb6+ Ke7 58. Kd3 Kf7 59. Kc4 f4
60. gxf4 exf4 61. Kd4 f3 62. Ke3 Ke7 63. Kf2 Kf7 64. Kg3 Ke7 65. Rb2 Kf6 66.
Kf4 Ke6 67. Rb6+ Kd5 68. Rb1 Kd4 69. Kg3 Ke4 70. Rb5 Kd4 71. Rg5 Ke4 72. Rg8
Ke5 73. Rf8 Ke4 74. Kf2 Ke5 75. Ke3 Kd5 76. Kf4 Ke6 77. Ke4 Ke7 78. Rf4 Ke6 79.
Kd4 Kd6 80. Rf6+ Ke7 81. Ke5 Kd7 82. Rf7+ Kc6 83. Rf4 Kd7 84. Rf7+ Kc6 85. Kf4
Kd6 86. Kg3 Ke5 87. Rf4 Ke6 88. Rxf3 Bxf3 89. Kxf3 1/2-1/2

[Event "Lindores Abbey Tal Blitz 2021"]
[Site "Riga"]
[Date "2021.11.08"]
[Round "18.21"]
[White "Kovalenko, Igor"]
[Black "Indjic, Aleksandar"]
[Result "1-0"]
[WhiteElo "2668"]
[BlackElo "2612"]
[Annotator "TA"]
[PlyCount "125"]
[EventDate "2021.11.02"]
[EventType "swiss"]
[EventCountry "LAT"]
[SourceTitle "playchess.com"]
[Source "ChessBase"]
[SourceQuality "1"]

1. d4 Nf6 2. Nf3 e6 3. e3 b6 4. Bd3 Bb7 5. O-O c5 6. c4 g6 7. Nc3 d6 8. d5 e5
9. e4 Nbd7 10. Kh1 a6 11. a3 h5 12. Bc2 Bh6 13. Bxh6 Rxh6 14. Ba4 Kf8 15. b4
Kg7 16. Bc6 Qc7 17. Bxd7 Nxd7 18. Nd2 Rf8 19. Rb1 h4 20. bxc5 bxc5 21. h3 Bc8
22. Qa4 Qd8 23. Qc6 Qg5 24. Rb2 Qf6 25. Nd1 Qe7 26. Ne3 f5 27. Rfb1 Rh5 28. f3
Rg5 29. Kh2 Kh6 30. Nef1 Rd8 31. Qc7 Re8 32. Re1 Rh5 33. exf5 gxf5 34. f4 e4
35. Nf3 Qf6 36. Rf2 Rg8 37. Ng5 Kg6 38. Ne6 Qe7 39. Re3 Kh7 40. Ng5+ Kh8 41. g4
hxg3+ 42. Rxg3 Rhxg5 43. fxg5 Kg7 44. Rxf5 Kg6 45. Rf6+ Kh7 46. Rh6+ Kg7 47.
Qxd6 Qxd6 48. Rxd6 Ne5 49. Ne3 Rf8 50. Rf6 Rh8 51. Kg2 Bd7 52. Nf5+ Bxf5 53.
Rxf5 Nxc4 54. d6 Nxd6 55. Rxc5 Rb8 56. Rc7+ Kg8 57. g6 Nf5 58. Rg5 Rb2+ 59. Kf1
Rb1+ 60. Ke2 Rb2+ 61. Kd1 Ne3+ 62. Kc1 Rf2 63. g7 1-0

[Event "Lindores Abbey Tal Blitz 2021"]
[Site "Riga"]
[Date "2021.11.08"]
[Round "18.22"]
[White "Durarbayli, Vasif"]
[Black "Movsesian, Sergei"]
[Result "0-1"]
[WhiteElo "2629"]
[BlackElo "2618"]
[Annotator "TA"]
[PlyCount "106"]
[EventDate "2021.11.02"]
[EventType "swiss"]
[EventCountry "LAT"]
[SourceTitle "playchess.com"]
[Source "ChessBase"]
[SourceQuality "1"]

1. e4 Nf6 2. e5 Nd5 3. d4 d6 4. Nf3 dxe5 5. Nxe5 c6 6. Be2 Bf5 7. O-O Nd7 8.
Nf3 e6 9. c4 N5f6 10. Nc3 Bd6 11. d5 exd5 12. cxd5 c5 13. Nb5 Bb8 14. d6 a6 15.
Nc3 O-O 16. Bf4 Nh5 17. Bg5 Nhf6 18. Qd2 h6 19. Bh4 Re8 20. Rad1 Qa5 21. Bc4 b5
22. Bxf7+ Kxf7 23. Bxf6 Nxf6 24. Qf4 Bh7 25. Ne5+ Kg8 26. Nd5 Qd8 27. Ne7+ Rxe7
28. Nc6 Re4 29. Qxe4 Bxe4 30. Nxd8 Bd5 31. d7 Bxh2+ 32. Kxh2 Rxd8 33. a3 Rxd7
34. Rfe1 Kf7 35. Re5 c4 36. f3 g6 37. Rde1 a5 38. Kg3 b4 39. axb4 axb4 40. R5e3
Rc7 41. Kf2 h5 42. Rd1 Be6 43. Rd6 Bf5 44. Re1 c3 45. bxc3 bxc3 46. Rc1 c2 47.
Ke3 h4 48. Rd4 g5 49. Kd2 Kg6 50. Rh1 Rb7 51. Rc1 Rb5 52. Rd6 Rd5+ 53. Rxd5
Nxd5 0-1

[Event "Lindores Abbey Tal Blitz 2021"]
[Site "Riga"]
[Date "2021.11.08"]
[Round "18.23"]
[White "Saric, Ivan"]
[Black "Cheparinov, Ivan"]
[Result "0-1"]
[WhiteElo "2665"]
[BlackElo "2677"]
[Annotator "TA"]
[PlyCount "72"]
[EventDate "2021.11.02"]
[EventType "swiss"]
[EventCountry "LAT"]
[SourceTitle "playchess.com"]
[Source "ChessBase"]
[SourceQuality "1"]

1. Nf3 d5 2. g3 g6 3. Bg2 Bg7 4. O-O e5 5. c4 dxc4 6. Na3 Nc6 7. Nxc4 Nge7 8.
d3 O-O 9. Bd2 a5 10. Bc3 f6 11. e4 Be6 12. Ne3 Nd4 13. b4 Nb5 14. Be1 a4 15.
Qc2 Qd7 16. Rd1 Rfd8 17. Bc3 Qc6 18. Rc1 Rd7 19. Rfd1 Qxc3 20. Qxc3 Nxc3 21.
Rxc3 Bxa2 22. Bh3 f5 23. Ra1 Be6 24. Ng5 Bf7 25. b5 c6 26. Nxf7 Kxf7 27. bxc6
Nxc6 28. exf5 Rd4 29. fxg6+ hxg6 30. Ra2 Rad8 31. Rc4 Rxc4 32. dxc4 Ra8 33. Nd5
a3 34. Nc7 Ra5 35. Be6+ Ke7 36. Bd5 Nb4 0-1

[Event "Lindores Abbey Tal Blitz 2021"]
[Site "Riga"]
[Date "2021.11.08"]
[Round "18.24"]
[White "Vokhidov, Shamsiddin"]
[Black "Sasikiran, Krishnan"]
[Result "0-1"]
[WhiteElo "2521"]
[BlackElo "2640"]
[Annotator "TA"]
[PlyCount "86"]
[EventDate "2021.11.02"]
[EventType "swiss"]
[EventCountry "LAT"]
[SourceTitle "playchess.com"]
[Source "ChessBase"]
[SourceQuality "1"]

1. e4 c5 2. Nc3 d6 3. Nge2 a6 4. d4 cxd4 5. Nxd4 Nf6 6. h3 e5 7. Nb3 Be6 8. f4
g6 9. Be2 Nbd7 10. O-O Rc8 11. f5 gxf5 12. exf5 Bc4 13. Re1 Rg8 14. Be3 b5 15.
Bxc4 Rxc4 16. Nd2 Qa8 17. Qe2 Rh4 18. Rf1 Rxh3 19. Rf3 Rh4 20. Bf2 Rhg4 21. g3
b4 22. Nd1 Nh5 23. Nf1 Nf4 24. Qe3 Nh3+ 25. Kh2 Ng5 26. Nd2 Nf6 27. Qb3 Nxf3+
28. Nxf3 Qd5 29. Qe3 Rxg3 30. Bxg3 Ng4+ 31. Kg2 Nxe3+ 32. Nxe3 Qe4 33. Re1 Bh6
34. Nf1 Qxc2+ 35. Kh1 Qc6 36. Kg2 Bf4 37. Kf2 Qc2+ 38. Re2 Bxg3+ 39. Nxg3 Qc5+
40. Kg2 h5 41. Kh3 Rxg3+ 42. Kxg3 Qc4 43. Rd2 Qf4+ 0-1

[Event "Lindores Abbey Tal Blitz 2021"]
[Site "Riga"]
[Date "2021.11.08"]
[Round "18.25"]
[White "Abasov, Nijat"]
[Black "Maghsoodloo, Parham"]
[Result "1/2-1/2"]
[WhiteElo "2634"]
[BlackElo "2706"]
[Annotator "TA"]
[PlyCount "141"]
[EventDate "2021.11.02"]
[EventType "swiss"]
[EventCountry "LAT"]
[SourceTitle "playchess.com"]
[Source "ChessBase"]
[SourceQuality "1"]

1. d4 Nf6 2. Nf3 d5 3. Bf4 c5 4. e3 Nc6 5. Nbd2 cxd4 6. exd4 Qb6 7. Nb3 Bf5 8.
a4 a6 9. a5 Qd8 10. Bd3 Bxd3 11. Qxd3 e6 12. c3 Be7 13. O-O O-O 14. Ne5 Nxe5
15. Bxe5 Nd7 16. Bg3 b5 17. axb6 Qxb6 18. Na5 Rfc8 19. Ra2 Qb5 20. Qe3 Bd8 21.
b4 Bxa5 22. Rxa5 Qb7 23. Rfa1 Nb6 24. Rc5 Nc4 25. Qg5 h6 26. Qg4 a5 27. h4 axb4
28. Rxa8 Rxa8 29. Rc7 Qb5 30. Qf4 Rf8 31. cxb4 Qxb4 32. Kh2 Qb1 33. Qg4 Qd3 34.
h5 Qd2 35. Ra7 Qg5 36. Qf3 Nd2 37. Qe2 Ne4 38. Be5 Rc8 39. g3 Qf5 40. Kg2 Ng5
41. g4 Qb1 42. Bf4 Ne4 43. Qf3 Nf6 44. Be5 Qe4 45. Bxf6 gxf6 46. Qxe4 dxe4 47.
Rd7 Rc3 48. d5 e5 49. d6 Rd3 50. Rd8+ Kg7 51. Kf1 f5 52. gxf5 Kf6 53. Ke2 Kxf5
54. d7 f6 55. f3 Rd6 56. fxe4+ Kxe4 57. Rf8 Rxd7 58. Rxf6 Rh7 59. Rg6 Kf5 60.
Kf3 Rf7 61. Ke3 Rf6 62. Rg1 Ra6 63. Rf1+ Ke6 64. Rg1 Rc6 65. Rg6+ Kd5 66. Kd3
Re6 67. Ke3 Rd6 68. Kf3 Rxg6 69. hxg6 Ke6 70. Ke4 Kf6 71. g7 1/2-1/2

[Event "Lindores Abbey Tal Blitz 2021"]
[Site "Riga"]
[Date "2021.11.08"]
[Round "18.26"]
[White "Ivic, Velimir"]
[Black "Kuzubov, Yuriy"]
[Result "0-1"]
[WhiteElo "2620"]
[BlackElo "2637"]
[Annotator "TA"]
[PlyCount "114"]
[EventDate "2021.11.02"]
[EventType "swiss"]
[EventCountry "LAT"]
[SourceTitle "playchess.com"]
[Source "ChessBase"]
[SourceQuality "1"]

1. e4 e5 2. Nf3 Nf6 3. d4 Nxe4 4. Bd3 d5 5. Nxe5 Nd7 6. Nc3 Nxc3 7. bxc3 Bd6 8.
O-O O-O 9. Re1 c5 10. Qf3 c4 11. Bf5 Nxe5 12. dxe5 Be7 13. Be3 Be6 14. Qh3 Bxf5
15. Qxf5 Qc8 16. Qf3 Qe6 17. Bd4 Rac8 18. h3 h6 19. Qh5 Bc5 20. f4 f5 21. Rad1
Be7 22. Qf3 Rcd8 23. a4 Rd7 24. Rb1 b6 25. Rb5 Bd8 26. Rd1 a6 27. Rb2 Bc7 28.
Rdb1 Rb8 29. Qe3 Bd8 30. Bxb6 Rdb7 31. a5 Qc6 32. Qd4 Kh7 33. Kh2 Be7 34. Rd1
Rd7 35. Rbb1 Qa4 36. e6 Bf6 37. Qe3 Re7 38. Rxd5 Qc6 39. Rxf5 Rxe6 40. Qc5 Qe4
41. Qd5 Qe2 42. Rd1 Rbe8 43. Qd2 Qe4 44. Rd5 Bh4 45. Rd4 Qe3 46. Qxe3 Rxe3 47.
Kg1 Bg3 48. Rf1 Rxc3 49. f5 Rxc2 50. Rg4 Be5 51. Kh1 c3 52. Re4 Rd2 53. Rc1 c2
54. Ree1 Re7 55. Be3 Rd3 56. Bf4 Bxf4 57. Rxe7 Bxc1 0-1

[Event "Lindores Abbey Tal Blitz 2021"]
[Site "Riga"]
[Date "2021.11.08"]
[Round "18.27"]
[White "Bluebaum, Matthias"]
[Black "Kuybokarov, Temur"]
[Result "1-0"]
[WhiteElo "2647"]
[BlackElo "2549"]
[Annotator "TA"]
[PlyCount "97"]
[EventDate "2021.11.02"]
[EventType "swiss"]
[EventCountry "LAT"]
[SourceTitle "playchess.com"]
[Source "ChessBase"]
[SourceQuality "1"]

1. d4 d5 2. c4 dxc4 3. e4 b5 4. a4 c6 5. Nc3 b4 6. Nb1 Ba6 7. Qc2 Qxd4 8. Nf3
Qb6 9. Nbd2 e6 10. Bxc4 Nf6 11. O-O Be7 12. Nb3 Bxc4 13. Qxc4 Qa6 14. Qc2 Nbd7
15. Bg5 c5 16. e5 Nd5 17. Bxe7 Nxe7 18. Rfd1 Nd5 19. Nxc5 Qc6 20. Rac1 Rc8 21.
Nd4 Qxc5 22. Qd2 O-O 23. Rxc5 Nxc5 24. Nb5 Nxa4 25. Ra1 Nab6 26. Nd6 Rc7 27.
Qd4 a5 28. b3 a4 29. bxa4 Nxa4 30. h4 Nac3 31. Qd2 h6 32. Qb2 Rb8 33. Qb3 Ne2+
34. Kh2 Nd4 35. Qd3 Nc2 36. Rb1 Na3 37. Rb3 Rc3 38. Qd1 Rxb3 39. Qxb3 Nb5 40.
Nxb5 Rxb5 41. Kg3 Rc5 42. f3 Rc3 43. Qa4 Kh7 44. h5 Rc7 45. Qb5 Rc2 46. Qb7 Rc7
47. Qb5 Rc2 48. Qd3+ Kg8 49. Qxc2 1-0

[Event "Lindores Abbey Tal Blitz 2021"]
[Site "Riga"]
[Date "2021.11.08"]
[Round "18.28"]
[White "Swiercz, Dariusz"]
[Black "Kovalev, Vladislav"]
[Result "1-0"]
[WhiteElo "2647"]
[BlackElo "2634"]
[Annotator "TA"]
[PlyCount "52"]
[EventDate "2021.11.02"]
[EventType "swiss"]
[EventCountry "LAT"]
[SourceTitle "playchess.com"]
[Source "ChessBase"]
[SourceQuality "1"]

1. Nf3 Nf6 2. b3 g6 3. Bb2 Bg7 4. g3 O-O 5. Bg2 d5 6. c4 dxc4 7. bxc4 c5 8. O-O
Nc6 9. d3 Qc7 10. Nc3 a6 11. Nd5 Nxd5 12. Bxg7 Ne3 13. Qc1 Kxg7 14. Qxe3 b6 15.
Rab1 Rb8 16. Rb2 Rd8 17. Rfb1 Nd4 18. Qe5+ Qxe5 19. Nxe5 f6 20. Nf3 Nxf3+ 21.
Bxf3 Rd6 22. h4 Bd7 23. Rb3 b5 24. cxb5 axb5 25. Rc3 Rc8 26. Rbc1 Ra6 1-0

[Event "Lindores Abbey Tal Blitz 2021"]
[Site "Riga"]
[Date "2021.11.08"]
[Round "18.29"]
[White "Sadhwani, Raunak"]
[Black "Kryvoruchko, Yuriy"]
[Result "1/2-1/2"]
[WhiteElo "2609"]
[BlackElo "2681"]
[Annotator "TA"]
[PlyCount "133"]
[EventDate "2021.11.02"]
[EventType "swiss"]
[EventCountry "LAT"]
[SourceTitle "playchess.com"]
[Source "ChessBase"]
[SourceQuality "1"]

1. c4 Nf6 2. Nf3 e6 3. g3 d5 4. Bg2 Be7 5. O-O O-O 6. b3 d4 7. e3 c5 8. Ne5 Qc7
9. f4 Nbd7 10. exd4 cxd4 11. Nd3 Rd8 12. Bb2 Nc5 13. Nxc5 Bxc5 14. d3 Rb8 15.
Nd2 b5 16. Rc1 Bb7 17. Bxb7 Qxb7 18. a3 a5 19. Qf3 Qa7 20. f5 exf5 21. Qxf5
bxc4 22. Rxc4 Nd5 23. Ne4 Bb6 24. Ng5 Nf6 25. Rc6 Rd5 26. Qf4 Re8 27. Rxf6 gxf6
28. Ne4 Bd8 29. Bc1 Qd7 30. g4 Rde5 31. Bd2 Qe6 32. b4 a4 33. Qf3 Qa2 34. Bh6
Rxe4 35. dxe4 Qc2 36. g5 Qxe4 37. Qxe4 Rxe4 38. gxf6 Rg4+ 39. Kh1 Rg6 40. Bg7
h5 41. Rc1 Bxf6 42. Bxf6 Rxf6 43. Rc8+ Kg7 44. Rd8 Rf4 45. b5 Rf3 46. b6 Rb3
47. Rxd4 Rxb6 48. Rxa4 Rb3 49. Ra8 Kg6 50. a4 Ra3 51. a5 Kf5 52. a6 Kf4 53. Kg2
f5 54. a7 h4 55. Rh8 Ra2+ 56. Kh3 Rxa7 57. Rxh4+ Kf3 58. Rh8 f4 59. Rh6 Rf7 60.
Rh8 Kf2 61. Ra8 f3 62. Ra2+ Ke3 63. Ra3+ Ke2 64. Ra2+ Ke3 65. Ra3+ Kf4 66. Ra4+
Ke3 67. Ra3+ 1/2-1/2

[Event "Lindores Abbey Tal Blitz 2021"]
[Site "Riga"]
[Date "2021.11.08"]
[Round "18.30"]
[White "Rakotomaharo, Fy Antenaina"]
[Black "Volokitin, Andrei"]
[Result "1-0"]
[WhiteElo "2487"]
[BlackElo "2656"]
[Annotator "RC"]
[PlyCount "87"]
[EventDate "2021.11.02"]
[EventType "swiss"]
[EventCountry "LAT"]
[SourceTitle "playchess.com"]
[Source "ChessBase"]
[SourceQuality "1"]

1. e4 c5 2. Nf3 e6 3. d4 cxd4 4. Nxd4 Nc6 5. Nc3 Qc7 6. Be3 a6 7. g4 b5 8. Nxc6
Qxc6 9. Qd2 b4 10. Ne2 Qxe4 11. Rg1 Qc4 12. Nf4 Qc7 13. O-O-O Nf6 14. Nh5 Bb7
15. Bb6 Qc6 16. Bg2 d5 17. Bd4 Nxh5 18. gxh5 f6 19. h6 e5 20. hxg7 Bxg7 21.
Bxd5 Qxd5 22. Rxg7 O-O-O 23. Bb6 Qxd2+ 24. Rxd2 Rxd2 25. Kxd2 Bd5 26. Ba5 h5
27. Bxb4 Rg8 28. Rxg8+ Bxg8 29. Be7 f5 30. Bf6 e4 31. b3 Bh7 32. c4 f4 33. Bg5
e3+ 34. fxe3 fxe3+ 35. Bxe3 Kb7 36. Kc3 Kc6 37. b4 Bb1 38. a4 Bf5 39. b5+ axb5
40. axb5+ Kb7 41. c5 Bh3 42. Kb4 Bf1 43. c6+ Kc7 44. Kc5 1-0

[Event "Lindores Abbey Tal Blitz 2021"]
[Site "Riga"]
[Date "2021.11.08"]
[Round "18.31"]
[White "Van Foreest, Jorden"]
[Black "Yilmaz, Mustafa"]
[Result "1-0"]
[WhiteElo "2701"]
[BlackElo "2626"]
[Annotator "TA"]
[PlyCount "61"]
[EventDate "2021.11.02"]
[EventType "swiss"]
[EventCountry "LAT"]
[SourceTitle "playchess.com"]
[Source "ChessBase"]
[SourceQuality "1"]

1. e4 c5 2. h3 Nc6 3. Nf3 e6 4. Nc3 a6 5. d4 cxd4 6. Nxd4 Qc7 7. a3 Nf6 8. Be3
b5 9. g4 h6 10. Bg2 Bb7 11. O-O Nxd4 12. Qxd4 e5 13. Qd3 Bc5 14. Rad1 d6 15.
Bxc5 dxc5 16. Nd5 Bxd5 17. exd5 Qd6 18. f4 exf4 19. Rde1+ Kf8 20. Qf5 g6 21.
Qxf4 Qxf4 22. Rxf4 Ne8 23. Re6 Kg7 24. Rc6 c4 25. Re4 Nf6 26. Rf4 Nd7 27. d6
Ne5 28. Rc7 Rad8 29. Re7 Rhe8 30. Re4 Rxe7 31. dxe7 1-0

[Event "Lindores Abbey Tal Blitz 2021"]
[Site "Riga"]
[Date "2021.11.08"]
[Round "18.32"]
[White "Ganguly, Surya Shekhar"]
[Black "Ponkratov, Pavel"]
[Result "0-1"]
[WhiteElo "2633"]
[BlackElo "2662"]
[Annotator "TA"]
[PlyCount "72"]
[EventDate "2021.11.02"]
[EventType "swiss"]
[EventCountry "LAT"]
[SourceTitle "playchess.com"]
[Source "ChessBase"]
[SourceQuality "1"]

1. e4 g6 2. d4 Bg7 3. Be3 c5 4. Nc3 cxd4 5. Bxd4 Nf6 6. e5 Nh5 7. g4 Nf4 8. e6
Nxe6 9. Bxg7 Nxg7 10. Qd4 O-O 11. O-O-O Nc6 12. Qd2 d5 13. Be2 d4 14. Ne4 Qd5
15. f3 Qxa2 16. Qh6 f6 17. Nh3 Ne6 18. f4 Qa1+ 19. Kd2 Qxb2 20. f5 Qb4+ 21. Kc1
Qa3+ 22. Kb1 Ne5 23. Rd3 Nxd3 24. Bxd3 Qb4+ 25. Kc1 Rf7 26. fxg6 hxg6 27. Qxg6+
Rg7 28. Qe8+ Nf8 29. Nf4 Qa3+ 30. Kd2 Qa5+ 31. Kc1 Qa1+ 32. Kd2 Qa5+ 33. Kc1
Qa1+ 34. Kd2 Qa5+ 35. c3 dxc3+ 36. Ke3 Qb6+ 0-1

[Event "Lindores Abbey Tal Blitz 2021"]
[Site "Riga"]
[Date "2021.11.08"]
[Round "18.33"]
[White "Ter-Sahakyan, Samvel"]
[Black "Ponomariov, Ruslan"]
[Result "1-0"]
[WhiteElo "2615"]
[BlackElo "2633"]
[Annotator "TA"]
[PlyCount "158"]
[EventDate "2021.11.02"]
[EventType "swiss"]
[EventCountry "LAT"]
[SourceTitle "playchess.com"]
[Source "ChessBase"]
[SourceQuality "1"]

1. e4 e5 2. Nf3 Nc6 3. Bb5 a6 4. Ba4 Nf6 5. O-O Be7 6. Re1 b5 7. Bb3 d6 8. c3
O-O 9. h3 Nb8 10. d4 Nbd7 11. c4 c6 12. Nc3 b4 13. Ne2 Nxe4 14. Qc2 Nef6 15. c5
e4 16. Nh4 d5 17. Nf5 Re8 18. Nxe7+ Qxe7 19. Ba4 Nb8 20. a3 a5 21. Bf4 Qb7 22.
Be5 Nfd7 23. Bd6 Nf8 24. Nf4 Bd7 25. Re3 Ne6 26. Nxe6 Rxe6 27. f3 exf3 28. Rxf3
Na6 29. Qf2 f6 30. Bc2 Rae8 31. Qh4 Re4 32. Bxe4 dxe4 33. Rg3 Re6 34. Rf1 bxa3
35. bxa3 Qb2 36. Qh6 Qxd4+ 37. Kh1 f5 38. Qg5 Re8 39. Qc1 e3 40. Rd1 Qe4 41.
Re1 e2 42. Bf4 g6 43. Re3 Qd4 44. Rxe8+ Bxe8 45. Rxe2 Bf7 46. Be5 Qxc5 47. Qh6
Qf8 48. Qe3 Nc5 49. Ba1 Ne4 50. Qd4 Bd5 51. Qh8+ Kf7 52. Qxh7+ Ke6 53. Qxg6+
Kd7 54. Re3 f4 55. Rf3 Kc7 56. Be5+ Kb6 57. Rxf4 Qc5 58. Rxe4 Qc1+ 59. Kh2 Bxe4
60. Qxe4 Qxa3 61. Qd4+ Ka6 62. Qc4+ Kb6 63. Bd4+ Kb7 64. Qf7+ Ka6 65. Qa7+ Kb5
66. Qb6+ Kc4 67. Bf2 Qd6+ 68. Bg3 Qd5 69. Qb1 a4 70. Qc2+ Kb4 71. Be1+ Kb5 72.
Qb2+ Ka6 73. Bc3 c5 74. Be5 Qd3 75. Bc7 Qb3 76. Qf6+ Kb5 77. Be5 Qd5 78. h4 Qd1
79. Qf3 Qe1 1-0

[Event "Lindores Abbey Tal Blitz 2021"]
[Site "Riga"]
[Date "2021.11.08"]
[Round "18.34"]
[White "Sjugirov, Sanan"]
[Black "Morovic Fernandez, Ivan"]
[Result "1-0"]
[WhiteElo "2663"]
[BlackElo "2510"]
[Annotator "TA"]
[PlyCount "71"]
[EventDate "2021.11.02"]
[EventType "swiss"]
[EventCountry "LAT"]
[SourceTitle "playchess.com"]
[Source "ChessBase"]
[SourceQuality "1"]

1. e4 e5 2. Nf3 d6 3. d4 exd4 4. Qxd4 Nc6 5. Bb5 Bd7 6. Qd3 Nf6 7. O-O Be7 8.
c4 O-O 9. Nc3 a6 10. Bxc6 Bxc6 11. Re1 Re8 12. Bf4 Nd7 13. Qc2 Bf6 14. Nd5 Ne5
15. Nxe5 Bxe5 16. Bg3 Qd7 17. Rad1 Bxg3 18. hxg3 Re6 19. Nf4 Re5 20. f3 Rae8
21. Nd3 R5e7 22. g4 a5 23. b3 b6 24. Qd2 Qc8 25. Kf2 f6 26. Rh1 h6 27. Rh4 Qe6
28. Rdh1 Rf8 29. Nf4 Qf7 30. Nh5 Re5 31. Ng3 Bd7 32. Nf5 Bxf5 33. gxf5 b5 34.
Rg4 Kh7 35. Rg6 Rh8 36. Rgxh6+ 1-0